Old Testament Stories. (Record no. 430)

MARC details
000 -LEADER
fixed length control field 00331nam a22001217a 4500
005 - DATE AND TIME OF LATEST TRANSACTION
control field 20200813104625.0
008 - FIXED-LENGTH DATA ELEMENTS--GENERAL INFORMATION
fixed length control field 200813b ||||| |||| 00| 0 eng d
020 ## - INTERNATIONAL STANDARD BOOK NUMBER
International Standard Book Number 11946
040 ## - CATALOGING SOURCE
Transcribing agency CML
245 ## - TITLE STATEMENT
Title Old Testament Stories.
Statement of responsibility, etc. Dower P.
260 ## - PUBLICATION, DISTRIBUTION, ETC.
Place of publication, distribution, etc. London.
Name of publisher, distributor, etc. Oxford University
Date of publication, distribution, etc. 1967
942 ## - ADDED ENTRY ELEMENTS (KOHA)
Source of classification or shelving scheme Dewey Decimal Classification
Koha item type Books
Edition 1
Classification part 220
Call number suffix DOW

No items available.

Powered by Koha